000 00660nam a2200181 a 4500
001 000029290
005 20200930055443.0
008 090701s2010 dr ac 000 0 spa d
040 _aDO-SdBNP
_bspa
_cBNPHU
082 _axxxx
_bF356
111 2 _aFeria Internacional del Libro
_n(13a
_d2010, 21 abr - 9 may :
_cSanto Domingo)
_956175
245 1 0 _aMéxico es cultura.
260 _aMéxico :
_bDirección de Publicaciones del Consejo Nacional para la Cultura y las Artes, (CONACULTA),
_c2010.
_eSanto Domingo
300 _a64 p. :
_bil., retr. ;
_c22 cm.
500 _aTítulo tomado de la cubierta
500 _aMéxico: país invitado de honor
049 _aBNPD
999 _c28782
_d28782